[Event "Voronezh Winter Rating op"]
[Site "Voronezh"]
[Date "2015.01.22"]
[Round "4"]
[White "Smirnov, Vyacheslav"]
[Black "Savenko, Ivan"]
[Result "1/2-1/2"]
[WhiteElo "1578"]
[BlackElo "1619"]
[PlyCount "41"]
[EventDate "2015.01.17"]
[EventType "swiss"]
[EventRounds "9"]
[EventCountry "RUS"]
[SourceTitle "EXT 2017"]
[Source "ChessBase"]
[SourceDate "2016.10.25"]
[SourceVersion "1"]
[SourceVersionDate "2016.10.25"]
[SourceQuality "1"]

1. Nf3 d5 2. e3 Nf6 3. Be2 Bg4 4. d4 e6 5. 0-0 Be7 6. Nc3 0-0 7. a3 Nbd7 8. b4 c6 9. h3 Bxf3 10. Bxf3 Qc7 11. Bb2 e5 12. Na4 e4 13. Be2 Nb6 14. Nc5 Bxc5 15. dxc5 Nbd7 16. Bg4 Rad8 17. Bd4 h6 18. c3 Nh7 19. Bxd7 Qxd7 20. Qg4 Qxg4 21. hxg4 1/2-1/2

[Event "Voronezh op-B 17th"]
[Site "Voronezh"]
[Date "2013.06.17"]
[Round "6"]
[White "Savenko, Ivan"]
[Black "Volobuev, Sergey"]
[Result "0-1"]
[WhiteElo "1613"]
[BlackElo "1818"]
[PlyCount "140"]
[EventDate "2013.06.12"]
[EventType "swiss"]
[EventRounds "9"]
[EventCountry "RUS"]
[SourceTitle "EXT 2014"]
[Source "ChessBase"]
[SourceDate "2013.11.20"]
[SourceVersion "1"]
[SourceVersionDate "2013.11.20"]
[SourceQuality "1"]

1. d4 g6 2. c4 Bg7 3. Nf3 d6 4. e4 Nc6 5. Be3 Bg4 6. Be2 Nf6 7. Nc3 0-0 8. h3 Bd7 9. 0-0 e5 10. d5 Ne7 11. Rc1 Ne8 12. Nh2 f5 13. exf5 Nxf5 14. Qd2 Nxe3 15. Qxe3 Qh4 16. Nf3 Qh6 17. Qxh6 Bxh6 18. Rcd1 a6 19. b3 Nf6 20. Bd3 Nh5 21. Bb1 Bxh3 22. Nxe5 Bxg2 23. Nxg6 Bxf1 24. Nxf8 Rxf8 25. Rxf1 Nf4 26. Kh2 Bg7 27. Ne4 Be5 28. Rg1+ Kh8 29. Kh1 Nh3 30. Rf1 Nf4 31. Rg1 Nh3 32. Rf1 Nf4 33. Rg1 Ne2 34. Re1 Nf4 35. Rg1 h6 36. Bc2 Rf5 37. Ng3 Rg5 38. Bd1 Bd4 39. Ne4 Re5 40. Nf6 Rg5 41. Rxg5 hxg5 42. Ne4 Kg7 43. Bg4 b5 44. Kh2 bxc4 45. bxc4 Nd3 46. Kg3 a5 47. Nxg5 Bxf2+ 48. Kg2 Bb6 49. Ne6+ Kf6 50. Be2 Nc1 51. Bd1 Nxa2 52. Kf3 Ke5 53. Ke2 Nb4 54. Ba4 c6 55. Bb3 cxd5 56. cxd5 Nxd5 57. Ng5 Kd4 58. Ne6+ Ke5 59. Ng5 Kd4 60. Nf3+ Kc5 61. Ng5 Nc3+ 62. Kd3 Kb4 63. Bc2 a4 64. Nf3 Nd5 65. Nd2 Nf4+ 66. Ke4 Ne2 67. Kd3 Nc1+ 68. Ke4 a3 69. Bb1 Kc3 70. Kd5 Kxd2 0-1

[Event "Voronezh Spring"]
[Site "Voronezh"]
[Date "2013.05.28"]
[Round "?"]
[White "Aleksandrov, Victor"]
[Black "Savenko, Ivan"]
[Result "1-0"]
[WhiteElo "1858"]
[BlackElo "1598"]
[PlyCount "81"]
[EventDate "2013.05.07"]
[EventType "tourn"]
[EventRounds "11"]
[EventCountry "RUS"]
[SourceTitle "EXT 2014"]
[Source "ChessBase"]
[SourceDate "2013.11.20"]
[SourceVersion "1"]
[SourceVersionDate "2013.11.20"]
[SourceQuality "1"]

1. d4 Nf6 2. c4 d5 3. cxd5 Nxd5 4. a3 e6 5. e4 Nf6 6. Nc3 c5 7. Be3 cxd4 8. Qxd4 Qxd4 9. Bxd4 Be7 10. e5 Nfd7 11. Nb5 Na6 12. Nxa7 0-0 13. Bxa6 bxa6 14. Nxc8 Rfxc8 15. Nf3 Bc5 16. Bxc5 Rxc5 17. 0-0 Nxe5 18. Nxe5 Rxe5 19. b4 a5 20. g3 axb4 21. axb4 Rb8 22. Rfb1 Reb5 23. Ra4 Kf8 24. Kf1 Ke7 25. Ke2 Kd6 26. Kd3 Kd5 27. Kc3 e5 28. f3 f5 29. Rd1+ Ke6 30. Ra6+ R8b6 31. Rxb6+ Rxb6 32. Kc4 g5 33. Kc5 Rb8 34. Rd6+ Ke7 35. b5 Rc8+ 36. Rc6 Rd8 37. b6 Rd2 38. b7 Rb2 39. Rb6 Rc2+ 40. Kd5 Rd2+ 41. Kxe5 1-0

[Event "Voronezh Winter"]
[Site "Voronezh"]
[Date "2013.01.22"]
[Round "4"]
[White "Soboleva, Anastasia"]
[Black "Savenko, Ivan"]
[Result "1-0"]
[WhiteElo "1874"]
[BlackElo "1596"]
[PlyCount "57"]
[EventDate "2013.01.18"]
[EventType "tourn"]
[EventRounds "9"]
[EventCountry "RUS"]
[SourceTitle "EXT 2014"]
[Source "ChessBase"]
[SourceDate "2013.11.20"]
[SourceVersion "1"]
[SourceVersionDate "2013.11.20"]
[SourceQuality "1"]

1. e4 d5 2. exd5 Qxd5 3. Nc3 Qd8 4. d4 Nf6 5. Bf4 c6 6. Nf3 Bf5 7. Bd3 Bxd3 8. Qxd3 e6 9. 0-0 Bd6 10. Ne5 Bxe5 11. Bxe5 Nbd7 12. f4 Nd5 13. Bxg7 Rg8 14. Qxh7 N5f6 15. Bxf6 Nxf6 16. Qd3 Qc7 17. f5 Ng4 18. Qh3 0-0-0 19. Rf3 Rh8 20. Qg3 Qxg3 21. Rxg3 exf5 22. h3 Nf6 23. Rf1 Rh5 24. Rgf3 Rh4 25. Rxf5 Nh7 26. Rxf7 Rdxd4 27. Rg7 Rd7 28. Rff7 Rxf7 29. Rxf7 1-0

[Event "Voronezh Winter"]
[Site "Voronezh"]
[Date "2013.01.18"]
[Round "1"]
[White "Katkov, Vitaly"]
[Black "Savenko, Ivan"]
[Result "1/2-1/2"]
[WhiteElo "2110"]
[BlackElo "1596"]
[PlyCount "29"]
[EventDate "2013.01.18"]
[EventType "tourn"]
[EventRounds "9"]
[EventCountry "RUS"]
[SourceTitle "EXT 2014"]
[Source "ChessBase"]
[SourceDate "2013.11.20"]
[SourceVersion "1"]
[SourceVersionDate "2013.11.20"]
[SourceQuality "1"]

1. d4 d5 2. Nf3 Nf6 3. c4 e6 4. Bg5 Nbd7 5. cxd5 exd5 6. e3 Bb4+ 7. Nc3 c6 8. a3 Be7 9. Bd3 0-0 10. 0-0 Ne4 11. Bxe7 Qxe7 12. Qc2 f5 13. b4 Ndf6 14. Ne5 Nxc3 15. Qxc3 1/2-1/2

[Event "Voronezh-ch"]
[Site "Voronezh"]
[Date "2012.10.19"]
[Round "1"]
[White "Artemov, Nikita"]
[Black "Savenko, Ivan"]
[Result "1-0"]
[WhiteElo "1999"]
[BlackElo "1610"]
[PlyCount "73"]
[EventDate "2012.10.19"]
[EventType "swiss"]
[EventRounds "9"]
[EventCountry "RUS"]
[SourceTitle "EXT 2013"]
[Source "ChessBase"]
[SourceDate "2012.11.22"]
[SourceVersion "1"]
[SourceVersionDate "2012.11.22"]
[SourceQuality "1"]

1. e4 b6 2. d4 Bb7 3. Bd3 e6 4. Nf3 c5 5. 0-0 cxd4 6. Nxd4 Bc5 7. Nb3 Ne7 8. Nxc5 bxc5 9. c4 Ng6 10. Nc3 0-0 11. Be3 Na6 12. f4 Qe7 13. Qh5 d6 14. Rae1 Nb4 15. Bb1 a6 16. f5 Ne5 17. Rf4 exf5 18. exf5 f6 19. Rh4 h6 20. Qd1 Qd7 21. a3 Nbc6 22. Nd5 Rae8 23. Nf4 Nd8 24. Qc2 Qc6 25. Nd5 Qd7 26. Qd1 Nxc4 27. Rxc4 Qc6 28. Nf4 Re7 29. Qf3 Qb5 30. Qf1 Rfe8 31. Ba2 d5 32. Bd2 Rxe1 33. Bxe1 Rxe1 34. Qxe1 dxc4 35. Qe7 Nf7 36. Ne6 Qc6 37. Qf8+ 1-0

[Event "Voronezh op 06"]
[Site "Voronezh"]
[Date "2012.06.30"]
[Round "5"]
[White "Savenko, Ivan"]
[Black "Kornev, Sergey"]
[Result "1/2-1/2"]
[WhiteElo "1634"]
[BlackElo "1730"]
[PlyCount "113"]
[EventDate "2012.06.26"]
[EventType "swiss"]
[EventRounds "9"]
[EventCountry "RUS"]
[SourceTitle "EXT 2013"]
[Source "ChessBase"]
[SourceDate "2012.11.22"]
[SourceVersion "1"]
[SourceVersionDate "2012.11.22"]
[SourceQuality "1"]

1. d4 d5 2. g3 Nf6 3. Bg2 e6 4. Nf3 b6 5. 0-0 Nbd7 6. Bg5 Be7 7. Nbd2 0-0 8. c3 h6 9. Bxf6 Bxf6 10. e4 Bb7 11. Qc2 Be7 12. Rfe1 Rc8 13. Rac1 c5 14. Qb1 Nf6 15. exd5 Bxd5 16. dxc5 Rxc5 17. b4 Rc7 18. c4 Bb7 19. a3 Qa8 20. Nh4 Nh7 21. Bxb7 Qxb7 22. Qe4 Qa6 23. Re3 Bg5 24. f4 Bxh4 25. gxh4 Nf6 26. Qg2 Rfc8 27. Rce1 Qa4 28. Rf3 Qc2 29. Re2 Rd7 30. Ne4 Rd1+ 31. Rf1 Rxf1+ 32. Qxf1 Qd3 33. Nxf6+ Kh8 34. Nh5 Qd4+ 35. Qf2 Qd1+ 36. Kg2 Rxc4 37. Ng3 Qc1 38. Re3 Rd4 39. Rxe6 Rxf4 40. Re8+ Kh7 41. Qe2 Qc6+ 42. Kg1 Qc1+ 43. Qe1 Qxa3 44. Qb1+ g6 45. h5 Rg4 46. hxg6+ Rxg6 47. Re7 Kg7 48. Qe1 Qb2 49. Qe5+ Qxe5 50. Rxe5 Rg4 51. b5 Kf6 52. Rd5 Kg6 53. Kg2 h5 54. Rxh5 Rxg3+ 55. Kxg3 Kxh5 56. Kf4 Kg6 57. h4 1/2-1/2

[Event "Voronezh op 05"]
[Site "Voronezh"]
[Date "2012.05.12"]
[Round "1"]
[White "Savenko, Ivan"]
[Black "Polyansky, Viktor"]
[Result "0-1"]
[WhiteElo "1634"]
[BlackElo "2009"]
[PlyCount "70"]
[EventDate "2012.05.12"]
[EventType "swiss"]
[EventRounds "9"]
[EventCountry "RUS"]
[SourceTitle "EXT 2013"]
[Source "ChessBase"]
[SourceDate "2012.11.22"]
[SourceVersion "1"]
[SourceVersionDate "2012.11.22"]
[SourceQuality "1"]

1. Nf3 d5 2. c4 d4 3. d3 g6 4. Bf4 Bg7 5. h3 Nc6 6. Bh2 Nh6 7. g3 Ne5 8. Nbd2 c5 9. Bg2 Bd7 10. 0-0 Qc8 11. Nxe5 Bxe5 12. Nf3 Bd6 13. Qd2 Nf5 14. g4 Bxh2+ 15. Kxh2 Ng7 16. Qh6 Qc7+ 17. Kg1 Ne6 18. e3 0-0-0 19. Ng5 Nxg5 20. Qxg5 h5 21. Bf3 f6 22. Qf4 hxg4 23. Qxc7+ Kxc7 24. hxg4 Rh4 25. Kg2 Bc6 26. e4 Rdh8 27. Rh1 Rxh1 28. Rxh1 Rxh1 29. Kxh1 b5 30. b3 bxc4 31. bxc4 Kb6 32. Kg2 Ka5 33. Kf1 Kb4 34. Bd1 Ba4 35. Be2 Kc3 0-1

[Event "Voronezh Winter op"]
[Site "Voronezh"]
[Date "2012.01.12"]
[Round "2"]
[White "Kuzmin, Vitaly"]
[Black "Savenko, Ivan"]
[Result "0-1"]
[WhiteElo "1696"]
[BlackElo "1617"]
[PlyCount "80"]
[EventDate "2012.01.11"]
[EventType "swiss"]
[EventRounds "7"]
[EventCountry "RUS"]
[SourceTitle "EXT 2013"]
[Source "ChessBase"]
[SourceDate "2012.11.22"]
[SourceVersion "1"]
[SourceVersionDate "2012.11.22"]
[SourceQuality "1"]

1. d4 Nf6 2. Nf3 e6 3. Bf4 Nc6 4. h3 b6 5. e3 Bb7 6. Be2 d5 7. 0-0 Bd6 8. Bxd6 Qxd6 9. a3 0-0 10. Nbd2 a5 11. c4 Ne7 12. Rc1 Qd8 13. c5 c6 14. a4 bxc5 15. Rxc5 Nd7 16. Rc3 Ba6 17. Bxa6 Rxa6 18. Nb3 Qb6 19. Qe2 Ng6 20. Rfc1 Qb7 21. Nc5 Nxc5 22. Rxc5 f6 23. Ne1 e5 24. dxe5 fxe5 25. e4 Nf4 26. Qc2 Qf7 27. f3 h6 28. Nd3 Nxd3 29. Qxd3 Rb6 30. exd5 cxd5 31. Qxd5 Rxb2 32. Qxf7+ Rxf7 33. Rxe5 Ra2 34. Rxa5 Rf4 35. Rc8+ Kh7 36. Rca8 Rb4 37. Rh5 Rbb2 38. Rh4 Rxg2+ 39. Kh1 Rh2+ 40. Kg1 Rhc2 0-1